| 000 | 01641nam0a2200337 i 4500 | ||
|---|---|---|---|
| 001 | RU\NLR\bibl\1974822 | ||
| 005 | 20260405194140.0 | ||
| 010 |
_a9785878514637 _9300 |
||
| 021 |
_aRU _b2012-86544 _96411 |
||
| 035 | _a(NLR Aleph) 001963612 | ||
| 090 |
_a3859283 _c3859283 |
||
| 100 | _a20121204d2012 k y0rusy50 ca | ||
| 101 | 0 | _arus | |
| 102 | _aRU | ||
| 105 | _aa ||||||||| | ||
| 200 | 1 |
_aПроцессы тепломассопереноса при формировании адгезионных соединений резинотехнических изделий _eмонография _fС.Ю. Осипов, Ю.Р. Осипов, А.Ю. Белянина _gМ-во образования и науки Рос. Федерации, Вологод. гос. техн. ун-т |
|
| 210 |
_aВологда _cВоГТУ _d2012 |
||
| 215 |
_a119 с. _cил. _d20 |
||
| 313 | _aвулканизайия прорезиненных тканей | ||
| 320 | _aБиблиогр.: с. 103-114 (79 назв.) | ||
| 606 | 1 |
_aПрорезиненные ткани _xВулканизация _92048290 _3RU\NLR\auth\66944759 |
|
| 686 | _aЛ728.406 | ||
| 700 | 1 |
_4070 _8rus _7ca _aОсипов _bС. Ю. _cканд. техн. наук _gСергей Юрьевич _3RU\NLR\auth\7785885 _968813 |
|
| 701 | 1 |
_4070 _8rus _7ca _aОсипов _bЮ. Р. _cд-р техн. наук _gЮрий Романович _3RU\NLR\auth\7784805 _967733 |
|
| 701 | 1 |
_aБелянина _bА. Ю. _gАнна Юрьевна _4070 |
|
| 801 | 0 |
_aRU _bNLR _c20121204 _gRCR |
|
| 801 | 1 |
_aRU _bNLR _c20121204 |
|
| 830 | _aавт. по кн. | ||
| 942 | _cBOOK | ||
| 980 | _aNBR | ||